[Event "FIN-chT1 East 1213"]
[Site "Finland"]
[Date "2013.01.12"]
[Round "5.1"]
[White "Ivanov, Sergey A"]
[Black "Sofiev, Alexey"]
[Result "1-0"]
[WhiteElo "2359"]
[BlackElo "2153"]
[PlyCount "77"]
[EventDate "2012.09.29"]
[EventType "team-tourn"]
[EventRounds "7"]
[EventCountry "FIN"]
[SourceTitle "EXT 2019"]
[Source "ChessBase"]
[SourceDate "2018.10.10"]
[SourceVersion "1"]
[SourceVersionDate "2018.10.10"]
[SourceQuality "1"]
[WhiteTeam "Helsinki Garde"]
[BlackTeam "Helsinki HSK"]
[WhiteTeamCountry "FIN"]
[BlackTeamCountry "FIN"]

1. Nf3 d5 2. b3 c5 3. Bb2 Nc6 4. e3 Nf6 5. Bb5 Bg4 6. h3 Bh5 7. g4 Bg6 8. Ne5 Qd6 9. f4 h5 10. Nxg6 fxg6 11. Be5 Qe6 12. g5 Nd7 13. Bb2 Qe4 14. 0-0 Qf5 15. Bd3 Qxh3 16. Bxg6+ Kd8 17. Qf3 Qxf3 18. Rxf3 e5 19. Nc3 d4 20. Nd5 Bd6 21. Be4 Re8 22. Bg6 Rh8 23. Kg2 Nb6 24. Nxb6 axb6 25. a4 Kc7 26. Raf1 Rad8 27. Be4 Rde8 28. f5 Be7 29. Rg3 Ref8 30. Kh3 h4 31. Rg2 Nd8 32. Bd5 Rh5 33. f6 gxf6 34. g6 Kd6 35. g7 Kxd5 36. gxf8Q Bxf8 37. Rxf6 Bh6 38. e4+ Kxe4 39. d3+ 1-0

[Event "FIN-chT1 East 1213"]
[Site "Finland"]
[Date "2012.11.17"]
[Round "3.1"]
[White "Sofiev, Alexey"]
[Black "Lehti, Juhani"]
[Result "0-1"]
[WhiteElo "2153"]
[BlackElo "2224"]
[PlyCount "88"]
[EventDate "2012.09.29"]
[EventType "team-tourn"]
[EventRounds "7"]
[EventCountry "FIN"]
[SourceTitle "EXT 2019"]
[Source "ChessBase"]
[SourceDate "2018.10.10"]
[SourceVersion "1"]
[SourceVersionDate "2018.10.10"]
[SourceQuality "1"]
[WhiteTeam "Helsinki HSK"]
[BlackTeam "Helsinki SSK"]
[WhiteTeamCountry "FIN"]
[BlackTeamCountry "FIN"]

1. e4 e5 2. Bc4 Nf6 3. d3 Nc6 4. Nc3 Bb4 5. f4 exf4 6. Bxf4 d5 7. exd5 Nxd5 8. Bxd5 Qxd5 9. Nf3 Qc5 10. Qd2 0-0 11. 0-0-0 Be6 12. d4 Qa5 13. d5 Rad8 14. dxe6 Rxd2 15. exf7+ Rxf7 16. Bxd2 Bxc3 17. Bxc3 Qxa2 18. Rhe1 h6 19. Rd3 Qc4 20. h3 a5 21. Ne5 Nxe5 22. Bxe5 Rf2 23. Rc3 Qa2 24. Ra3 Qd5 25. Kb1 c6 26. Rd3 Qf7 27. Rg3 Rf1 28. Rxf1 Qxf1+ 29. Ka2 g5 30. Bc3 Qf2 31. Rg4 Qxc2 32. Bxa5 c5 33. Bb6 c4 34. Rg3 Qa4+ 35. Kb1 Qd1+ 36. Ka2 Qd6 37. Bf2 b5 38. Rf3 b4 39. Kb1 Qd1+ 40. Ka2 Qd2 41. Kb1 b3 42. Rc3 Qxf2 43. g4 Qe1+ 44. Rc1 Qe4+ 0-1

[Event "FIN-chT1 East 1213"]
[Site "Finland"]
[Date "2012.09.29"]
[Round "1.1"]
[White "Sofiev, Alexey"]
[Black "Puranen, Jukka"]
[Result "0-1"]
[WhiteElo "2153"]
[BlackElo "2265"]
[PlyCount "110"]
[EventDate "2012.09.29"]
[EventType "team-tourn"]
[EventRounds "7"]
[EventCountry "FIN"]
[SourceTitle "EXT 2019"]
[Source "ChessBase"]
[SourceDate "2018.10.10"]
[SourceVersion "1"]
[SourceVersionDate "2018.10.10"]
[SourceQuality "1"]
[WhiteTeam "Helsinki HSK"]
[BlackTeam "Kotka KymS"]
[WhiteTeamCountry "FIN"]
[BlackTeamCountry "FIN"]

1. e4 Nf6 2. Nc3 d5 3. exd5 Nxd5 4. Bc4 c6 5. Qf3 e6 6. Nge2 Be7 7. d4 0-0 8. Be3 Nd7 9. 0-0-0 b5 10. Bd3 b4 11. Nxd5 cxd5 12. h4 Qa5 13. Kb1 Ba6 14. g4 Rfc8 15. g5 Bc4 16. Nc1 Qc7 17. Rd2 e5 18. Bf5 e4 19. Qg4 Rd8 20. h5 Bd6 21. g6 Nf6 22. gxh7+ Kh8 23. Qg5 Nxh7 24. Bxh7 Kxh7 25. Qf5+ Kg8 26. h6 Qd7 27. Qg5 Bf8 28. Rg1 g6 29. f4 Kh7 30. f5 Qxf5 31. Qxf5 gxf5 32. Rf2 a5 33. Rxf5 Rd7 34. Nb3 Bxb3 35. axb3 Ra6 36. c4 bxc3 37. bxc3 Bxh6 38. Rh5 Rc6 39. c4 Rb7 40. Ka2 a4 41. cxd5 axb3+ 42. Kb2 Rf6 43. Rg4 Ra6 44. Rxe4 Ra2+ 45. Kb1 b2 46. Rxh6+ Kg7 47. Rg4+ Kf8 48. Rh8+ Ke7 49. Bg5+ Kd7 50. Rd8+ Kc7 51. d6+ Kc6 52. Rc8+ Kxd6 53. Bf4+ Ke6 54. Rc1 Ra1+ 55. Kc2 Rxc1+ 0-1

[Event "FIN Team Cup"]
[Site "Finland"]
[Date "2012.08.11"]
[Round "4.1"]
[White "Rantanen, Yrjo A"]
[Black "Sofiev, Alexey"]
[Result "1/2-1/2"]
[WhiteElo "2383"]
[BlackElo "2149"]
[PlyCount "52"]
[EventDate "2012.03.31"]
[EventType "team-k.o."]
[EventRounds "6"]
[EventCountry "FIN"]
[SourceTitle "EXT 2022"]
[Source "ChessBase"]
[SourceDate "2021.10.06"]
[SourceVersion "1"]
[SourceVersionDate "2021.10.06"]
[SourceQuality "1"]
[WhiteTeam "Salo SK"]
[BlackTeam "Helsinki I-HSK"]
[WhiteTeamCountry "FIN"]
[BlackTeamCountry "FIN"]

1. e4 e6 2. d4 d5 3. Nc3 Nf6 4. Bg5 Be7 5. e5 Nfd7 6. Bxe7 Qxe7 7. f4 f5 8. exf6 gxf6 9. Qh5+ Qf7 10. Qxf7+ Kxf7 11. f5 Nb6 12. fxe6+ Bxe6 13. 0-0-0 Nc6 14. Nf3 Bg4 15. Be2 Rad8 16. Rhf1 Bxf3 17. Bxf3 Ne7 18. b3 c6 19. Bh5+ Ng6 20. Rd3 Rhe8 21. Rdf3 Rd6 22. Nd1 Re4 23. Ne3 Rde6 24. Nf5 Re1+ 25. Rxe1 Rxe1+ 26. Kd2 Rg1 1/2-1/2

[Event "FIN-chT1B 1112"]
[Site "Finland"]
[Date "2011.10.15"]
[Round "2"]
[White "Vihinen, Teemu"]
[Black "Sofiev, Alexey"]
[Result "1-0"]
[WhiteElo "2137"]
[BlackElo "2153"]
[PlyCount "51"]
[EventDate "2011.09.17"]
[EventType "team-tourn"]
[EventRounds "7"]
[EventCountry "FIN"]
[SourceTitle "EXT 2019"]
[Source "ChessBase"]
[SourceDate "2018.10.10"]
[SourceVersion "1"]
[SourceVersionDate "2018.10.10"]
[SourceQuality "1"]
[WhiteTeam "Vantaa EtVaS II"]
[BlackTeam "Helsinki HSK"]
[WhiteTeamCountry "FIN"]
[BlackTeamCountry "FIN"]

1. e4 e6 2. d4 d5 3. e5 c5 4. c3 Nc6 5. Nf3 Bd7 6. a3 Qb6 7. b4 c4 8. a4 0-0-0 9. Be2 h6 10. Na3 f5 11. exf6 gxf6 12. Bf4 Re8 13. 0-0 f5 14. Nb5 Qd8 15. Ne5 Rh7 16. Bh5 Qh4 17. g3 Qh3 18. Nxd7 Kxd7 19. Bxe8+ Kxe8 20. Qe2 Kd7 21. Rfe1 Nd8 22. Bc7 Re7 23. Bxd8 Kxd8 24. Qe5 Bg7 25. Qb8+ Kd7 26. Qc7+ 1-0

[Event "FIN-chT1B 1112"]
[Site "Finland"]
[Date "2011.09.17"]
[Round "1"]
[White "Yrjola, Jouni"]
[Black "Sofiev, Alexey"]
[Result "1-0"]
[WhiteElo "2362"]
[BlackElo "2153"]
[PlyCount "59"]
[EventDate "2011.09.17"]
[EventType "team-tourn"]
[EventRounds "7"]
[EventCountry "FIN"]
[SourceTitle "EXT 2019"]
[Source "ChessBase"]
[SourceDate "2018.10.10"]
[SourceVersion "1"]
[SourceVersionDate "2018.10.10"]
[SourceQuality "1"]
[WhiteTeam "Helsinki KS 58"]
[BlackTeam "Helsinki HSK"]
[WhiteTeamCountry "FIN"]
[BlackTeamCountry "FIN"]

1. d4 e6 2. c4 f5 3. g3 Nf6 4. Bg2 d5 5. Nh3 c5 6. cxd5 cxd4 7. dxe6 Nc6 8. Qb3 Qe7 9. Nf4 g5 10. Nd3 h6 11. h4 Bxe6 12. Qb5 gxh4 13. Rxh4 Rc8 14. Nd2 a6 15. Qa4 Nd5 16. Nf3 b5 17. Qd1 Ndb4 18. Nxb4 Qxb4+ 19. Kf1 Bg7 20. Ne1 Ne5 21. Rxd4 Bc4 22. b3 Ng4 23. Nc2 Qc3 24. bxc4 Bxd4 25. Qxd4 Qxd4 26. Nxd4 Rxc4 27. Nxf5 Rc2 28. Be4 Rc7 29. Bf4 Rc3 30. f3 1-0

[Event "Helsinki We HSL 7th"]
[Site "Helsinki"]
[Date "2011.??.??"]
[Round "1"]
[White "Sofiev, Alexey"]
[Black "Kekki, Jorma J"]
[Result "1-0"]
[WhiteElo "2146"]
[BlackElo "2100"]
[PlyCount "63"]
[EventDate "2011.??.??"]
[EventType "swiss"]
[EventRounds "5"]
[EventCountry "FIN"]
[SourceTitle "EXT 2022"]
[Source "ChessBase"]
[SourceDate "2021.10.06"]
[SourceVersion "1"]
[SourceVersionDate "2021.10.06"]
[SourceQuality "1"]

1. e4 e6 2. c4 d5 3. exd5 exd5 4. cxd5 Nf6 5. Bc4 Nbd7 6. Nc3 Be7 7. d4 0-0 8. Bf4 Nb6 9. Qb3 Nxc4 10. Qxc4 Bd6 11. Nge2 Bxf4 12. Nxf4 Re8+ 13. Kd2 Ne4+ 14. Nxe4 Rxe4 15. g3 Qf6 16. Kc3 b5 17. Qc5 a5 18. Rae1 b4+ 19. Kb3 Rxe1 20. Rxe1 Ba6 21. Qc6 Qxc6 22. dxc6 Kf8 23. Re5 Bf1 24. Ka4 Rd8 25. d5 Rb8 26. Re1 g5 27. Rxf1 gxf4 28. d6 cxd6 29. c7 Rc8 30. Rc1 fxg3 31. hxg3 Ke7 32. Kxa5 1-0

[Event "Helsinki We HSL 7th"]
[Site "Helsinki"]
[Date "2011.??.??"]
[Round "5"]
[White "Sofiev, Alexey"]
[Black "Rehn, Ralf"]
[Result "0-1"]
[WhiteElo "2146"]
[BlackElo "2242"]
[PlyCount "80"]
[EventDate "2011.??.??"]
[EventType "swiss"]
[EventRounds "5"]
[EventCountry "FIN"]
[SourceTitle "EXT 2022"]
[Source "ChessBase"]
[SourceDate "2021.10.06"]
[SourceVersion "1"]
[SourceVersionDate "2021.10.06"]
[SourceQuality "1"]

1. e4 d6 2. d4 Nf6 3. Bd3 e5 4. d5 c6 5. c4 Nbd7 6. Nc3 Be7 7. Be3 Qa5 8. Qd2 Ng4 9. Nge2 Nxe3 10. Qxe3 Qc5 11. Qd2 Qa5 12. g3 Nc5 13. 0-0-0 cxd5 14. Nxd5 Qxa2 15. Nec3 Nb3+ 16. Kc2 Nd4+ 17. Kc1 Qa1+ 18. Bb1 Nb3+ 19. Kc2 Nxd2 20. Ba2 Qxd1+ 21. Rxd1 Nf3 22. Nc7+ Kd8 23. Nxa8 Nd4+ 24. Rxd4 exd4 25. Nd5 h5 26. h4 g5 27. hxg5 Bxg5 28. Nac7 a6 29. Na8 h4 30. gxh4 Bxh4 31. f4 Bf2 32. Nab6 Bg4 33. b4 Rh2 34. Bb3 Be1+ 35. Kb1 d3 36. e5 dxe5 37. fxe5 Bf2 38. c5 Rh1+ 39. Kb2 Bd4+ 40. Nc3 Rh2+ 0-1

[Event "FIN-chT1B 0910"]
[Site "Finland"]
[Date "2010.03.20"]
[Round "7.5"]
[White "Sofiev, Alexey"]
[Black "Kahri, Antti"]
[Result "1/2-1/2"]
[WhiteElo "2137"]
[BlackElo "2024"]
[PlyCount "202"]
[EventDate "2009.09.19"]
[EventType "team-tourn"]
[EventRounds "9"]
[EventCountry "FIN"]
[SourceTitle "EXT 2022"]
[Source "ChessBase"]
[SourceDate "2021.10.06"]
[SourceVersion "1"]
[SourceVersionDate "2021.10.06"]
[SourceQuality "1"]
[WhiteTeam "Helsinki I-HSK"]
[BlackTeam "Vantaa Remi"]
[WhiteTeamCountry "FIN"]
[BlackTeamCountry "FIN"]

1. e4 e6 2. d4 d5 3. Nd2 Nf6 4. Bd3 c5 5. c3 Nc6 6. Ne2 Qb6 7. Qb3 Qxb3 8. axb3 cxd4 9. Nxd4 Nxd4 10. cxd4 Bb4 11. e5 Ng8 12. f4 Bd7 13. Ke2 Ne7 14. Nf3 0-0 15. Bd2 Nc6 16. Rhc1 Bxd2 17. Kxd2 Rfc8 18. Rc3 a6 19. Rac1 h6 20. Ke3 Kf8 21. Ne1 Nb4 22. Rxc8+ Rxc8 23. Rxc8+ Bxc8 24. Kd2 Ke7 25. Kc3 Na2+ 26. Kd2 Nb4 27. Be2 Bd7 28. Nd3 Nxd3 29. Bxd3 Kd8 30. Kc3 Kc7 31. Be2 Be8 32. h4 Kc6 33. Bg4 Bd7 34. Bf3 Be8 35. Be2 Kb6 36. g4 Bd7 37. g5 Kc6 38. Bg4 hxg5 39. fxg5 g6 40. h5 gxh5 41. Bxh5 Be8 42. Be2 Kb6 43. Bd3 Kc6 44. Bc2 Kb5 45. Bb1 Ka5 46. Bh7 Kb5 47. Bg8 Kc6 48. Kd2 Kd7 49. Kc3 Ke7 50. Kb4 b6 51. Bh7 Bb5 52. Kc3 Kf8 53. Kd2 Kg7 54. Bc2 Bf1 55. Ke1 Bh3 56. Bd3 a5 57. Kd2 Bf5 58. Bb5 Kg6 59. Be8 Kxg5 60. Bxf7 Kf4 61. Be8 Bh3 62. Bd7 Ke4 63. Kc3 Bg4 64. Bb5 Ke3 65. Bd7 Bh3 66. Bb5 Bf5 67. Ba6 Bg4 68. Bb5 Be2 69. Bd7 b5 70. Bxe6 b4+ 71. Kc2 Kxd4 72. Bf5 Kxe5 73. Bd3 Bf3 74. Kd2 Kd4 75. Bb5 Be4 76. Be8 Bf5 77. Bb5 Kc5 78. Bd3 Bh3 79. Bg6 Kd4 80. Bd3 Bg2 81. Bg6 Be4 82. Be8 Bb1 83. Bh5 Kc5 84. Bd1 Kb5 85. Be2+ Kc5 86. Bd1 Kd4 87. Bh5 Ke5 88. Be8 Ba2 89. Ba4 Ke4 90. Ke2 d4 91. Bc6+ Ke5 92. Ba4 Bb1 93. Be8 Bc2 94. Bf7 a4 95. bxa4 Bxa4 96. Kd3 Bb5+ 97. Kd2 Bc6 98. Bg8 Bd5 99. Bh7 Bb3 100. Bg6 Be6 101. Bh7 Kd5 1/2-1/2

[Event "Helsinki We HSK Eero Book 100 5th"]
[Site "Helsinki"]
[Date "2010.??.??"]
[Round "4"]
[White "Kiviaho, Allan"]
[Black "Sofiev, Alexey"]
[Result "1/2-1/2"]
[WhiteElo "2181"]
[BlackElo "2127"]
[PlyCount "48"]
[EventDate "2010.??.??"]
[EventType "swiss"]
[EventRounds "5"]
[EventCountry "FIN"]
[SourceTitle "EXT 2022"]
[Source "ChessBase"]
[SourceDate "2021.10.06"]
[SourceVersion "1"]
[SourceVersionDate "2021.10.06"]
[SourceQuality "1"]

1. d4 d5 2. c4 c6 3. Nf3 e6 4. e3 f5 5. Nc3 Nf6 6. Ne5 Bd6 7. f4 0-0 8. Bd3 Ne4 9. 0-0 Nd7 10. Qb3 Ndf6 11. Bxe4 Nxe4 12. Nxe4 fxe4 13. Bd2 a5 14. c5 Bxe5 15. fxe5 Rxf1+ 16. Rxf1 Ra6 17. Qc2 Bd7 18. b4 a4 19. a3 Ra8 20. Be1 Qe7 21. Rf4 Be8 22. Qd1 h6 23. Qg4 Kh7 24. Rf1 Qg5 1/2-1/2

[Event "Helsinki We KapSK"]
[Site "Helsinki"]
[Date "2010.??.??"]
[Round "3"]
[White "Maltez, Nuno Manuel Fidalgo"]
[Black "Sofiev, Alexey"]
[Result "0-1"]
[WhiteElo "2035"]
[BlackElo "2127"]
[PlyCount "79"]
[EventDate "2010.??.??"]
[EventType "swiss"]
[EventRounds "5"]
[EventCountry "FIN"]
[SourceTitle "EXT 2022"]
[Source "ChessBase"]
[SourceDate "2021.10.06"]
[SourceVersion "1"]
[SourceVersionDate "2021.10.06"]
[SourceQuality "1"]

1. d4 e6 2. Nf3 f5 3. g3 b6 4. Bg2 Bb7 5. c4 Nf6 6. 0-0 d5 7. b3 Nbd7 8. Bb2 Bd6 9. Nbd2 c5 10. e3 Qe7 11. Ne5 0-0-0 12. Qc2 g5 13. cxd5 Bxe5 14. dxe5 Nxd5 15. a3 h5 16. Nc4 Kb8 17. Nd6 Ba8 18. Rfd1 f4 19. e4 Nc7 20. b4 fxg3 21. fxg3 g4 22. Rab1 h4 23. bxc5 Nxc5 24. Bc1 Bb7 25. gxh4 Qxh4 26. Bf4 Qh7 27. Rdc1 Rdf8 28. Bg3 Qd7 29. Qe2 Ba6 30. Qe3 Ka8 31. Rd1 Rd8 32. Bf1 Rhf8 33. Bxa6 N7xa6 34. Rf1 Qg7 35. Rbd1 Nb7 36. Qe2 Nac5 37. Kg2 Qg6 38. Bh4 Rxf1 39. Rxf1 Rh8 40. Bg3 0-1

[Event "Helsinki We HSL 7th"]
[Site "Helsinki"]
[Date "2010.??.??"]
[Round "2"]
[White "Sofiev, Alexey"]
[Black "Gronroos, Matti"]
[Result "1-0"]
[WhiteElo "2127"]
[BlackElo "1993"]
[PlyCount "99"]
[EventDate "2010.??.??"]
[EventType "swiss"]
[EventRounds "5"]
[EventCountry "FIN"]
[SourceTitle "EXT 2022"]
[Source "ChessBase"]
[SourceDate "2021.10.06"]
[SourceVersion "1"]
[SourceVersionDate "2021.10.06"]
[SourceQuality "1"]

1. e4 e5 2. Bc4 Nf6 3. d3 c6 4. Qe2 Be7 5. Nf3 Qc7 6. Nc3 0-0 7. Bg5 d6 8. h3 b5 9. Bb3 a5 10. a3 Be6 11. g4 Nbd7 12. Be3 Nc5 13. Bxc5 dxc5 14. Bxe6 fxe6 15. 0-0 b4 16. Nd1 h6 17. Ne3 Nh7 18. Nc4 Ng5 19. Nxg5 Bxg5 20. Kg2 a4 21. f3 Bf4 22. Rfb1 b3 23. cxb3 axb3 24. a4 Rfb8 25. a5 Rb4 26. Ra3 Qd8 27. Rba1 Ra6 28. Rd1 Qd4 29. Raa1 Kf7 30. Qf2 Ke7 31. Qxd4 exd4 32. Ra3 Rb5 33. e5 Rb4 34. Re1 Rb5 35. Re4 g5 36. Re1 Kf8 37. Rh1 Kg7 38. h4 Rb4 39. hxg5 hxg5 40. Raa1 Rxc4 41. dxc4 d3 42. Rhd1 d2 43. Kf2 Kf7 44. Ke2 Ke7 45. Ra3 Kf7 46. Rda1 Bxe5 47. Rxb3 Bf4 48. Rb6 Ra8 49. a6 Kf6 50. Rxc6 1-0

[Event "Helsinki We HSK Eero Book 100 5th"]
[Site "Helsinki"]
[Date "2010.??.??"]
[Round "1"]
[White "Sofiev, Alexey"]
[Black "Haanpaa, Jorma"]
[Result "1-0"]
[WhiteElo "2127"]
[BlackElo "2024"]
[PlyCount "93"]
[EventDate "2010.??.??"]
[EventType "swiss"]
[EventRounds "5"]
[EventCountry "FIN"]
[SourceTitle "EXT 2022"]
[Source "ChessBase"]
[SourceDate "2021.10.06"]
[SourceVersion "1"]
[SourceVersionDate "2021.10.06"]
[SourceQuality "1"]

1. e4 c5 2. f4 e6 3. Qe2 Nc6 4. Nf3 Nf6 5. Nc3 d5 6. d3 Be7 7. h3 Nd4 8. Qf2 Nxf3+ 9. Qxf3 Rb8 10. g4 d4 11. Ne2 Nd7 12. g5 b5 13. h4 Bb7 14. Bh3 Qb6 15. h5 f5 16. gxf6 Bxf6 17. Qg4 Nf8 18. Rf1 g6 19. f5 exf5 20. exf5 Bc8 21. Qe4+ Kd8 22. Qd5+ Ke8 23. Rf4 Rb7 24. Re4+ Re7 25. fxg6 Bxh3 26. Qf7+ Kd8 27. Rxe7 Bxe7 28. g7 Bh4+ 29. Kd1 Qf6 30. Qxf6+ Bxf6 31. Bg5 Rg8 32. Bxf6+ Ke8 33. gxf8Q+ Rxf8 34. Bh4 Rf1+ 35. Be1 Bg4 36. Kd2 Rh1 37. Ng3 Rh2+ 38. Kc1 Rg2 39. b3 Rh2 40. Kb2 Bxh5 41. Nxh5 Rxh5 42. Bg3 Rg5 43. Bb8 a6 44. Re1+ Kd7 45. Re5 Rg8 46. Ba7 Kd6 47. Rh5 1-0

[Event "Helsinki We HSK Eero Book 100 8th"]
[Site "Helsinki"]
[Date "2010.??.??"]
[Round "2"]
[White "Sofiev, Alexey"]
[Black "Luukkonen, Tommi"]
[Result "1-0"]
[WhiteElo "2127"]
[BlackElo "2301"]
[PlyCount "95"]
[EventDate "2010.??.??"]
[EventType "swiss"]
[EventRounds "5"]
[EventCountry "FIN"]
[SourceTitle "EXT 2022"]
[Source "ChessBase"]
[SourceDate "2021.10.06"]
[SourceVersion "1"]
[SourceVersionDate "2021.10.06"]
[SourceQuality "1"]

1. e4 c5 2. Nc3 d6 3. f4 g6 4. Nf3 Bg7 5. Bc4 Nc6 6. d3 e6 7. Qe2 Nge7 8. g4 d5 9. Bb3 b5 10. a4 c4 11. axb5 cxb3 12. bxc6 0-0 13. h4 dxe4 14. dxe4 Nxc6 15. h5 Nb4 16. cxb3 Qd3 17. Qxd3 Nxd3+ 18. Ke2 Rd8 19. hxg6 hxg6 20. Rd1 Nxc1+ 21. Raxc1 Ba6+ 22. Ke3 Bf8 23. Ne2 Bc5+ 24. Ned4 Bb6 25. g5 Rd6 26. Rd2 Bb7 27. Rh1 Rad8 28. Rc1 a5 29. Rh1 Bc5 30. Rdh2 Kf8 31. Rh8+ Ke7 32. Rxd8 Rxd8 33. Rc1 Bb6 34. b4 a4 35. b5 f6 36. Rh1 fxg5 37. Rh7+ Ke8 38. fxg5 Bc8 39. Rh8+ Kf7 40. Rxd8 Bxd8 41. Nc6 Bb6+ 42. Kd3 Bc5 43. Nfe5+ Kg7 44. Nc4 Bd7 45. N4a5 Kf8 46. Kc4 Be3 47. Ne5 Be8 48. Nac6 1-0

[Event "Espoo We MatSK op 6th"]
[Site "Espoo"]
[Date "2010.??.??"]
[Round "3"]
[White "Sofiev, Alexey"]
[Black "Pesola, Jyrki"]
[Result "1-0"]
[WhiteElo "2127"]
[BlackElo "1964"]
[PlyCount "35"]
[EventDate "2010.??.??"]
[EventType "swiss"]
[EventRounds "5"]
[EventCountry "FIN"]
[SourceTitle "EXT 2022"]
[Source "ChessBase"]
[SourceDate "2021.10.06"]
[SourceVersion "1"]
[SourceVersionDate "2021.10.06"]
[SourceQuality "1"]

1. e4 c5 2. f4 d5 3. exd5 Nf6 4. Bb5+ Bd7 5. Bxd7+ Qxd7 6. c4 e6 7. Qe2 Be7 8. dxe6 fxe6 9. Nf3 0-0 10. 0-0 Nc6 11. Nc3 Rae8 12. d3 Bd6 13. Be3 e5 14. fxe5 Nxe5 15. Nxe5 Rxe5 16. Ne4 Rfe8 17. Rxf6 gxf6 18. Nxf6+ 1-0

[Event "FIN-chT1B 0910"]
[Site "Finland"]
[Date "2009.09.20"]
[Round "3.4"]
[White "Sofiev, Alexey"]
[Black "Von Wright, Aarne"]
[Result "1-0"]
[WhiteElo "2137"]
[BlackElo "2029"]
[PlyCount "127"]
[EventDate "2009.09.19"]
[EventType "team-tourn"]
[EventRounds "9"]
[EventCountry "FIN"]
[SourceTitle "EXT 2022"]
[Source "ChessBase"]
[SourceDate "2021.10.06"]
[SourceVersion "1"]
[SourceVersionDate "2021.10.06"]
[SourceQuality "1"]
[WhiteTeam "Helsinki I-HSK"]
[BlackTeam "Jyvaskyla JyS"]
[WhiteTeamCountry "FIN"]
[BlackTeamCountry "FIN"]

1. e4 Nf6 2. Nc3 d5 3. e5 Ne4 4. Nce2 f6 5. d3 Ng5 6. Bxg5 fxg5 7. h4 g4 8. Nf4 Bf5 9. f3 Qd7 10. Be2 gxf3 11. Bxf3 e6 12. g4 Bg6 13. h5 Bf7 14. g5 Nc6 15. g6 Bg8 16. d4 0-0-0 17. Ngh3 Be7 18. Rg1 Bh4+ 19. Ke2 Ne7 20. Qd3 Nf5 21. Bg4 Be7 22. Raf1 c5 23. c3 Rf8 24. Bxf5 Rxf5 25. h6 hxg6 26. hxg7 Rh4 27. Rxg6 c4 28. Qg3 Qa4 29. Rf2 Qc2+ 30. Kf1 Qb1+ 31. Kg2 Qe4+ 32. Kg1 Qe1+ 33. Kh2 Kd7 34. Rf3 Qe4 35. Rg4 Rh7 36. Rf2 Qe1 37. Qg2 Qe3 38. Rf3 Qe1 39. Rf2 Bh4 40. Rf1 Qe3 41. Qf3 Qxf3 42. Rxf3 Rf7 43. Rf1 Rfxg7 44. Ng6 Be7 45. Rfg1 Bf7 46. Nxe7 Rxg4 47. Rxg4 Kxe7 48. Kg3 Bh5 49. Rg5 Bd1 50. Nf4 Bc2 51. Rg8 Kd7 52. Rb8 Kc7 53. Rf8 Bf5 54. Nxd5+ Kc6 55. Nf4 Rg7+ 56. Kf3 Rg5 57. Rf6 Kd7 58. Rf7+ Kc6 59. Re7 Bg4+ 60. Ke3 Bf5 61. Nxe6 Rg2 62. Nd8+ Kd5 63. Rxb7 Bc8 64. Rb5# 1-0

[Event "Helsinki Pirttimaki Memorial-A 4th"]
[Site "Helsinki"]
[Date "2009.??.??"]
[Round "7"]
[White "Salminen, Jussi"]
[Black "Sofiev, Alexey"]
[Result "0-1"]
[WhiteElo "2018"]
[BlackElo "2126"]
[PlyCount "96"]
[EventDate "2009.??.??"]
[EventType "swiss"]
[EventRounds "7"]
[EventCountry "FIN"]
[SourceTitle "EXT 2011"]
[Source "ChessBase"]
[SourceDate "2010.11.26"]
[SourceVersion "1"]
[SourceVersionDate "2010.11.26"]
[SourceQuality "1"]

1. e4 e6 2. d3 d5 3. Nd2 Nf6 4. Ngf3 c5 5. g3 b6 6. Bg2 Bb7 7. e5 Nfd7 8. 0-0 Nc6 9. Re1 g5 10. h3 Bg7 11. d4 cxd4 12. Nb3 h6 13. Nfxd4 Ncxe5 14. f4 Nc4 15. Nxe6 fxe6 16. Bxd5 Qc7 17. Rxe6+ Kd8 18. Bxb7 Qxb7 19. Qd3 Rc8 20. c3 Rc6 21. Qd5 Rc7 22. Qxb7 Rxb7 23. fxg5 h5 24. Bf4 Nde5 25. Nd4 Re8 26. Kg2 Rbe7 27. Rxe7 Kxe7 28. b3 Nd6 29. Bxe5 Bxe5 30. Nc6+ Kd7 31. Nxe5+ Rxe5 32. h4 Re3 33. Rf1 Rxc3 34. Rf3 Rc2+ 35. Kh3 Ke6 36. g4 hxg4+ 37. Kxg4 Rxa2 38. h5 Ke5 39. h6 Rg2+ 40. Kh5 Ne4 41. h7 Rh2+ 42. Kg6 Rxh7 43. Rf5+ Ke6 44. Rf4 Nxg5 45. Kxg5 Rg7+ 46. Kh6 Rg3 47. Ra4 a5 48. b4 Rg4 0-1

[Event "Helsinki We HSL 6th"]
[Site "Helsinki"]
[Date "2009.??.??"]
[Round "3"]
[White "Sofiev, Alexey"]
[Black "Immonen, Vihtori"]
[Result "1/2-1/2"]
[WhiteElo "2126"]
[BlackElo "1758"]
[PlyCount "166"]
[EventDate "2009.??.??"]
[EventType "swiss"]
[EventRounds "5"]
[EventCountry "FIN"]
[SourceTitle "EXT 2022"]
[Source "ChessBase"]
[SourceDate "2021.10.06"]
[SourceVersion "1"]
[SourceVersionDate "2021.10.06"]
[SourceQuality "1"]

1. e4 c5 2. c4 Nc6 3. Nc3 g6 4. f4 Bg7 5. Nf3 d6 6. d3 e6 7. Be3 Nge7 8. Qd2 a6 9. g4 Nd4 10. Bxd4 cxd4 11. Ne2 Nc6 12. h4 e5 13. f5 Qa5 14. Ng3 b5 15. Rc1 Bd7 16. h5 Rb8 17. b3 bxc4 18. bxc4 Rb2 19. Qxa5 Nxa5 20. Rh2 Rxh2 21. Nxh2 Bh6 22. Rb1 Bc8 23. Nf3 Be3 24. Rb6 Kd7 25. c5 Nc6 26. cxd6 Re8 27. Be2 Kxd6 28. Bd1 Re7 29. Ba4 Bb7 30. Bxc6 Bxc6 31. Rxa6 Rb7 32. Nf1 Rb1+ 33. Ke2 Bf4 34. N1d2 Rb2 35. Kd1 Kc7 36. Ra7+ Bb7 37. Ra5 gxh5 38. gxh5 f6 39. Rc5+ Kd7 40. Rc2 Rb5 41. Nb3 Kd6 42. Nfd2 Ba6 43. Nc4+ Ke7 44. Rg2 Bg5 45. Rc2 Kf8 46. Ke2 Bf4 47. Nca5 Rb8 48. Rc6 Bb5 49. Rc7 Kg8 50. Nc6 Bxc6 51. Rxc6 Ra8 52. Rc2 Kg7 53. Nc5 Kh6 54. Ne6 Ra3 55. Nxf4 exf4 56. Rd2 Kxh5 57. Kf3 Kg5 58. Rg2+ Kh6 59. Rd2 Kg5 60. Rg2+ Kh6 61. Kxf4 Rxd3 62. e5 fxe5+ 63. Kxe5 Rf3 64. Rg4 d3 65. Kf6 Kh5 66. Rd4 Rf2 67. a4 Ra2 68. Kg7 d2 69. f6 Rxa4 70. Rxd2 Rg4+ 71. Kf8 Kg6 72. f7 h5 73. Rd6+ Kg5 74. Ke7 Rf4 75. f8Q Rxf8 76. Kxf8 h4 77. Kf7 Kf4 78. Rh6 Kg3 79. Ke6 h3 80. Ke5 h2 81. Ke4 Kg2 82. Rg6+ Kf1 83. Rf6+ Kg2 1/2-1/2

[Event "Helsinki-ch Group"]
[Site "Helsinki"]
[Date "2009.??.??"]
[Round "5"]
[White "Sofiev, Alexey"]
[Black "Nokso Koivisto, Antti"]
[Result "1-0"]
[WhiteElo "2126"]
[BlackElo "2177"]
[PlyCount "69"]
[EventDate "2009.??.??"]
[EventType "tourn"]
[EventRounds "9"]
[EventCountry "FIN"]
[SourceTitle "EXT 2011"]
[Source "ChessBase"]
[SourceDate "2010.11.26"]
[SourceVersion "1"]
[SourceVersionDate "2010.11.26"]
[SourceQuality "1"]

1. e4 c5 2. c4 Nc6 3. Nc3 g6 4. f4 Bg7 5. Nf3 d6 6. d3 e5 7. Be2 Nge7 8. 0-0 0-0 9. Nd5 h6 10. Be3 b6 11. Qd2 Kh7 12. Bd1 f5 13. Ba4 Bd7 14. Rae1 Nxd5 15. exd5 Nb8 16. Bc2 Qc7 17. Qf2 Na6 18. Qg3 Rae8 19. h4 Re7 20. h5 gxh5 21. Nh4 Be8 22. fxe5 Bxe5 23. Bf4 Bxf4 24. Qxf4 Rxe1 25. Rxe1 Qd8 26. Nxf5 Qg5 27. Re7+ Kh8 28. Qxg5 hxg5 29. Nxd6 Bg6 30. a3 g4 31. Rxa7 Nb8 32. g3 Kg8 33. Rb7 Rd8 34. Rxb6 Kg7 35. Nb7 1-0